Statistics for Countries Closest to Banks Island

Click here to take the quiz!

General Stats

  • This quiz has been taken 26 times
  • The average score is 18 of 20

Answer Stats

km Answer mi % Correct
611United States382
100%
1798Russia1124
100%
3219Iceland2012
100%
5051Latvia3157
96%
2987Norway1867
96%
3832Finland2395
96%
4285United Kingdom2678
96%
5238Lithuania3274
96%
4842Denmark3026
96%
4915Estonia3072
96%
3840Sweden2400
92%
5101Germany3188
92%
5293Poland3308
88%
4688Ireland2930
88%
1219Greenland762
83%
5187Netherlands3242
83%
5299Japan3312
83%
4288Mexico2680
79%
5259China3287
75%
3995Faroe Islands2497
71%

Score Distribution

Percentile by Number Answered

Percent of People with Each Score

Your Score History

You have not taken this quiz